Diccionario Pocket: Españo/Inlés. Inlés/Españo
| Main Author: | |
|---|---|
| Format: | Section = Libro |
| Language: | Undetermined Spanish |
| Published: |
España
Larousse
2015
|
| Subjects: |
| LEADER | 00556nam a2200193Ia 4500 | ||
|---|---|---|---|
| 008 | 240830s9999 xx 000 0 und d | ||
| 020 | |a 978-0-19-431600-2 | ||
| 040 | |a B-ESTELÍ- RUACS / Ref 423 L332 | ||
| 041 | |a spa | ||
| 082 | |a Ref 423 L332 | ||
| 100 | 1 | |a Estados Unidos. Oxford Escolar | |
| 245 | 1 | 0 | |a Diccionario Pocket: Españo/Inlés. Inlés/Españo |
| 260 | |a España |b Larousse |c 2015 | ||
| 300 | |a 791 p. | ||
| 650 | 7 | |a DICCIONARIO INGLES - ESPAÑOL | |
| 650 | 7 | |b DICCIONARIO ESPAÑOL - INGLES | |
| 942 | |c BK |2 ddc | ||
| 991 | |a TEXTO | ||
| 999 | |c 11742 | ||